000 00520nam a2200193Ia 4500
005 20250508162507.0
008 008 250505s9999 xx 000 0 eng d
020 _a0-7100-8481-1
037 _aTextual
040 _aFEDL
_beng
_cFEDL
041 _aeng
_2eng
084 _a401.9, ADL
_qFEDL
100 _aAdlam Diana S
_9773279
245 0 _aCode in context
260 _aLondon, UK
_bRoutledge and Kegan Paul
_c1977
300 _axv,253p.
942 _cTEXL
_h401.9, ADL
999 _c1376901
_d1376901